[Event "LSS RN-2009-0-00225"]
[Site "LSS email"]
[Date "2009.08.17"]
[Round "?"]
[White "Bokros, Csaba"]
[Black "Major, Oleg"]
[Result "0-1"]
[WhiteElo "800"]
[BlackElo "1339"]
[PlyCount "60"]
[EventDate "2009.07.19"]
[EventType "tourn (corr)"]
[EventRounds "6"]
[EventCountry "GER"]
[SourceTitle "Corr 2011"]
[Source "ChessBase"]
[SourceDate "2010.08.31"]
[SourceVersion "1"]
[SourceVersionDate "2010.08.31"]
[SourceQuality "1"]

1. e4 c5 2. c4 Nc6 3. Nf3 e5 4. Nc3 a6 5. Be2 g6 6. d3 Bg7 7. Nd5 d6 8. Qc2 h6 9. Be3 Nge7 10. 0-0 0-0 11. Rfc1 f5 12. Rab1 fxe4 13. dxe4 Nd4 14. Qd2 Nxe2+ 15. Qxe2 Nxd5 16. cxd5 Bg4 17. b4 b6 18. Rc3 Bxf3 19. gxf3 Qd7 20. bxc5 bxc5 21. Kg2 Kh7 22. Rcb3 Ra7 23. Rb6 a5 24. Rc6 Rf7 25. Rb8 a4 26. Qb2 Qe7 27. a3 g5 28. Rcb6 Bf8 29. R6b7 Rxb7 30. Rxb7 Qxb7 0-1

[Event "LSS RN-2009-0-00225"]
[Site "LSS email"]
[Date "2009.08.17"]
[Round "?"]
[White "Major, Oleg"]
[Black "Sas, Istvan"]
[Result "1-0"]
[WhiteElo "800"]
[BlackElo "950"]
[PlyCount "61"]
[EventDate "2009.07.19"]
[EventType "tourn (corr)"]
[EventRounds "6"]
[EventCountry "GER"]
[SourceTitle "Corr 2011"]
[Source "ChessBase"]
[SourceDate "2010.08.31"]
[SourceVersion "1"]
[SourceVersionDate "2010.08.31"]
[SourceQuality "1"]

1. e4 e5 2. Nf3 d6 3. d4 f6 4. Bc4 Ne7 5. dxe5 Bg4 6. exf6 gxf6 7. Ne5 dxe5 8. Bf7+ Kxf7 9. Qxd8 Nec6 10. Qxc7+ Kg6 11. Qxb7 Nd7 12. 0-0 Bc5 13. Qxc6 Rac8 14. Qa4 Rc7 15. Nc3 Nb6 16. Qa6 Bc8 17. Qe2 h5 18. Be3 Bg4 19. f3 Bc8 20. Bxc5 Rxc5 21. f4 Nd7 22. Nd5 Re8 23. f5+ Kh6 24. Nxf6 Nxf6 25. Qe3+ Kg7 26. Qxc5 Kg8 27. Rad1 a6 28. Rd6 Kf7 29. Qc6 Nxe4 30. Rh6 Bxf5 31. Rxf5+ 1-0